| 000 | | | 05600cbm0a2200337#x 450 |
| 001 | | | ee5c8244-5791-4454-8304-130a44dd3c1b |
| 005 | | | 20250428162902.0 |
| 100 | ## | $a | 20250428j19450507k###0rusy50 ca |
| 101 | 1# | $a | rus |
| | $c | eng |
| 102 | ## | $a | RU |
| 105 | ## | $a | y###z######## |
| 122 | 0# | $a | d19450507## |
| 200 | 1# | $a | Записка начальника Оперативного управления Генерального штаба Красной Армии С. М. Штеменко И. В. Сталину с приложением перевода письма главы Военной миссии США в СССР Джона Р. Дина с сообщением генерала США Д. Эйзенхауэра о его предстоящем полете в Берлин 8 мая 1945 г. |
| | $j | 7 мая 1945 г. |
| 251 | ## | $c | Документ |
| 300 | ## | $a | Подлинник, заверенная копия |
| 461 | #0 | $1 | 2001 |
| | $a | Ф. 3 |
| | $1 | 251 |
| | $c | Фонд |
| | $1 | 852 |
| | $j | 3 |
| 462 | #0 | $1 | 2001 |
| | $a | Оп. 50 |
| | $1 | 251 |
| | $c | Опись |
| | $1 | 852 |
| | $j | 50 |
| 462 | #0 | $1 | 2001 |
| | $a | Д. 422 |
| | $v | Л. 94, 95 |
| | $1 | 251 |
| | $c | Дело |
| | $1 | 852 |
| | $j | 422 |
| 605 | ## | $2 | prlib_sh |
| | $3 | LIBNET\UAF\0000088514 |
| | $a | Вторая мировая война в архивных документах (Комплекс оцифрованных архивных документов, кино- и фотоматериалов) |
| | $l | коллекция |
| 605 | ## | $2 | acquisition_Prlib |
| | $3 | DITM\AF\0000002775 |
| | $a | Власть |
| | $l | коллекция |
| 605 | ## | $2 | acquisition_Prlib |
| | $3 | DITM\AF\0000003834 |
| | $a | Народ |
| | $l | коллекция |
| 606 | 1# | $2 | nlr_sh |
| | $3 | RU\NLR\AUTH\6650747 |
| | $a | Вторая мировая война |
| | $z | 1939 - 1945 |
| | $x | Антигитлеровская коалиция |
| | $j | Документы и материалы |
| 606 | 1# | $2 | nlr_sh |
| | $3 | RU\NLR\AUTH\661520861 |
| | $a | Великая Отечественная война |
| | $z | 1941 - 1945 |
| | $z | Третий период |
| | $z | 1944 - 1945 |
| | $j | Документы и материалы |
| 606 | 1# | $2 | nlr_sh |
| | $3 | RU\NLR\AUTH\661312452 |
| | $a | Вторая мировая война |
| | $z | 1939 - 1945 |
| | $x | Четвертый период |
| | $z | 1944 - 1945 |
| | $j | Документы и материалы |
| 686 | ## | $a | 63.3(2)622-6ю1 |
| | $v | LBC/M |
| | $2 | rubbk |
| 686 | ## | $a | 63.3(2)622,13ю1 |
| | $v | LBC/M |
| | $2 | rubbk |
| 801 | #0 | $a | RU |
| | $b | ПБ им. Б.Н. Ельцина |
| | $c | 20250428 |
| 801 | #1 | $a | RU |
| | $b | ПБ им. Б.Н. Ельцина |
| | $c | 20250428 |
| | $2 | rusmarc |
| 801 | #2 | $a | RU |
| | $b | ПБ им. Б.Н. Ельцина |
| | $c | 20250428 |
| | $2 | rusmarc |
| 850 | ## | $a | Российский государственный архив новейшей истории |
| 852 | ## | $a | РГАНИ |
| | $j | Л. 94, 95 |
| 035 | ## | $a | LIBNET\0001470495 |
| 937 | ## | $d | 196711052 |
| | $h | Федеральное архивное агентство |
| 856 | 4# | $u | http://readingroom.main.prlib.ru/item.aspx?id_node=n196711052&mode=full |